| 000 | 00893nam a22002057a 4500 | ||
|---|---|---|---|
| 999 |
_c57632 _d57632 |
||
| 003 | Ge_BSU | ||
| 005 | 20200819145137.0 | ||
| 008 | 200819s2019 ge ||||| |||| 00| 0 geo d | ||
| 022 | _29789941963810 | ||
| 041 | _ageo | ||
| 080 | _a342.2(076)+349 დ-32 | ||
| 100 |
_aდემეტრაშვილი, სოფიო _99270 |
||
| 245 |
_aკაზუსები და ტესტები სამოხელეო სამართალში _cსოფიო დემეტრაშვილი, ნანა ხარაძე. |
||
| 264 |
_aთბილისი : _bიურისტების სამყარო, _c2019. |
||
| 300 |
_a80 გვ. _b20 სმ. |
||
| 653 | _aსამართალი | ||
| 653 | _aკაზუსები და ტესტები | ||
| 700 |
_aხარაძე, ნანა _eავტორი _99271 |
||
| 942 |
_2udc _cBK |
||